000 00574nam a2200205Ia 4500
003 GCL
008 140319s9999 xx 000 0 ara d
040 _aGCL /
_cGCL
082 0 4 _a155.4
_bح ع
100 1 _aمصطفى محمود
245 1 0 _aعلم نفس اسلامى /
_cمصطفى محمود
700 1 _aحسين محمد الشرقاوى
700 1 _aعبدالحليم محمود
300 _a399 ص
490 _a
650 0 4 _aالاسلام والعلم
650 0 4 _aعلم النفس
650 0 4 _aعلم النفس - مذاهب
942 _2ddc
_cBK
999 _c38931
_d38931